000 00874nam a2200265 i 4500
003 DO-SdBNP
005 20250728091040.0
007 ta
008 250728b1998 dr ||||| |||| 00| 0 spa d
040 _aDO-SdBNP
_bspa
_cBNPHU
_erda
041 _aspa
082 4 _axxx
_bR426L, 1998.
_222
110 1 _aRepública Dominicana
_9447
240 1 0 _a[Leyes, etc.]
245 1 0 _aLey No. 50-88 sobre drogas y sustancias controladas de la República Dominicana :
_bG.O. 9735 y sus modificaciones /
_cedición, Maximo A. Díaz
264 1 _aSanto Domingo :
_beditor no identificado,
_c1998.
300 _a54 páginas ;
_c20 cm.
336 _atexto
_btxt
_2rdacontent
337 _asin mediación
_bn
_2rdamedia
338 _avolumen
_bnc
_2rdacarrier
590 _aInventariado, 2018/BT
700 _aDíaz, Maximo A.,
_eeditor
_4ed.
_965694
910 _aBtavárez
942 _2ddc
_cLBS1
999 _c59646
_d59646